02653cam a22003857a 45000010009000000050017000090080041000260100017000670160018000840200015001020200018001170350024001350400075001590420008002340430012002420820021002542450278002752600044005533000041005974900050006385040041006885200942007296500078016716500092017496510059018416510063019007000029019637000028019927000025020207000024020458300051020699420012021209990017021329520118021491716350220120214092535.0120214s2011 be ab b 100 0 eng c a 20115343117 a0159628802Uk a9042924519 a9789042924512 a(OCoLC)ocn745332961 aERASAbengcERASAdOCLCQdYDXCPdOHXdPAUdUKMGBdPULdZCUdBTCTAdDLC apcc amm----- a307.4821822bINT00aIntercultural Contacts in the Ancient Mediterranean :bProceedings of the International Conference at the Netherlands-Flemish Institute in Cairo, 25th to 29th October 2008 /cedited by Kim Duistermaat and Ilona Regulski with the collaboration of Gwen Jennes and Lara Weiss. aLeuven ;aWalpole, MA :bPeetersc2011. axxix, 597 p. :bill., maps ;c25 cm.1 aOrientalia Lovaniensia analecta ;v202929585 aIncludes bibliographical references.8 aThe conference Intercultural Contacts in the Ancient Mediterranean (ICAM) was organised in 2008 by the Netherlands-Flemish Institute in Cairo. While Mediterranean contacts in archaeology are a popular topic in Europe, it was the first time this theme was addressed in Egypt. The conference aimed to discuss theoretical and methodological issues related to the study of intercultural contacts in archaeology on the one hand, and to present actual case-studies of such contacts on the other. In the present volume, thirty-five contributions deal with intercultural contacts all over the Mediterranean from the Levant to Spain and from Egypt to Greece, from prehistory up to the Hellenistic period. They are presented in six sections: Theory and methodology, Identifying foreigners and immigrants, Material evidence for contact, Maritime trade and sea ports, Influences in iconography, ideology and religion, and Administration and economy. 0aAcculturationzMediterranean RegionxHistoryyTo 1500vCongresses.929586 0aIntercultural communicationzMediterranean RegionxHistoryyTo 1500vCongresses.929587 0aMediterranean RegionxCivilizationvCongresses.929588 0aMediterranean RegionxEthnic relationsvCongresses.9295891 aDuistermaat, Kim.9295901 aRegulski, Ilona.9295911 aJennes, Gwen.9295921 aWeiss, Lara.929593 0aOrientalia Lovaniensia analecta ;v202.929594 2ddccBB c16635d16635 00102ddc40708 aMAINbMAINc1STd2012-04-05eDonationl0o307.4821822 INTp000025923r2025-07-15 00:00:00yBB